| 000 | 00451nam a22001697a 4500 | ||
|---|---|---|---|
| 005 | 20230112121045.0 | ||
| 008 | 200318b xxu||||| |||| 00| 0 eng d | ||
| 020 | _a9788123914558 | ||
| 041 | _aeng | ||
| 100 | _aGUPTA ,ASHOK K | ||
| 245 |
_aPHARMACEUTICS-1 (PRACTICAL NOTE BOOK AS PER ----STUDENT) _cASHOK K GUPTA |
||
| 250 | _a1'ST | ||
| 260 |
_aNEW DELHI _bCBS PUBLISHERS _c207 |
||
| 300 | _a207 | ||
| 650 |
_aPHARMCY _xB.PHARMA _97468 |
||
| 942 | _cBK | ||
| 999 |
_c6147 _d6145 |
||